000 00456nam a2200193Ia 4500
005 20240823035124.0
008 240823s9999||||xx |||||||||||||| ||und||
020 _a978-81-8274-606-0
041 _aENGLISH
082 _A158.1 Q2
100 _aPrabhulla P Nambissan
245 0 _aIt is Time to Sharpen Your Axe
250 _a1st
260 _c2012
_bManjul Public
500 _aISSUED
650 _aNovel
_bEnglish
942 _cBK
999 _c199934
_d199934